000 01146nam a22002537a 4500
999 _c22581
_d22581
003 AR-CdUCM
008 190513b ||||| |||| 00| 0 spa d
020 _a9786124121258
040 _aMUNICIPALIDAD PROVINCIAL DEL CUSCO
_cBIBLIOTECA MUNICIPAL DEL CUSCO
082 _aEP/869.57038/Q7
_bQ7
245 _aQuri libro, qullqi libro = Libro de oro, libro de plata :
_bwarmakunap yachayninmanta = el saber de los niños /
_c[traducción, Rafael Mercado ; compilación y adaptación, Rafael Mercado,ligia Alencastre, Marisol Chagua, Alfredo Quispe]
260 _aCusco :
_bCentro de Estudios Regionales Andinos Bartolomé de Las Casas,
_c2017.
300 _a152 páginas. :
_bilustraciones en color ;
_c23 X 25 cm.
500 _aCuentos en quechua con traducción al español. Antes del título 1.
650 _aCuento peruano
_93686
650 _aCuentos quechuas
_924526
650 _aLengua quechua
_948566
650 _aLibros de lectura
_93644
650 _aSiglo XXI
_948564
700 _aMercado, Rafael
_etraductor
_ecompilador
_948567
700 _aAlencastre, Ligia
_ecompiladora
_eadaptador
_948568
942 _2ddc
_cLIBROS
945 _arac